Die Macht der Bilder : [zur Bedeutung der historischen Fotografien des Holocaust in der politischen Bildungsarbeit] / Annette Krings
Record details
- ISBN: 3-8258-8921-1
- ISBN: 978-3-8258-8921-0
- Physical Description: IV, 177 S. : Ill. ; 21 cm
- Publisher: Berlin : Lit., 2006
Content descriptions
| General Note: | Literaturverz. S. 146 - 165 |
Search for related items by series
Available copies
- 1 of 1 copy available at Common Catalog SPOK.
Holds
- 0 current holds with 1 total copy.
Show Only Available Copies
| Location | Call Number / Copy Notes | Barcode | Shelving Location | Status | Due Date |
|---|---|---|---|---|---|
| Terezin Initiative Institute | 5190 | 4594305190 | Knihovna ITI | Available | - |
Electronic resources
- Related Resource: Inhaltsverzeichnis
- Inhaltsverzeichnis
- Related Resource: http://d-nb.info/977879542/04
- Inhaltsverzeichnis
| LDR | 05833nam a2201237 4500 | ||
|---|---|---|---|
| 001 | 50404 | ||
| 003 | CZ-PrJAB | ||
| 005 | 20221006080015.0 | ||
| 008 | 060119s2006 gw 000 0 ger d | ||
| 020 | . | ‡a3-8258-8921-1 | |
| 020 | . | ‡a978-3-8258-8921-0 | |
| 035 | . | ‡a(DE-601)505977095 | |
| 035 | . | ‡a(OCoLC)181528595 | |
| 035 | . | ‡a(OBV)AC05726496 | |
| 035 | . | ‡a(DE-599)DNB977879542 | |
| 040 | . | ‡aGBVCP ‡bger ‡cGBVCP | |
| 041 | 0 | . | ‡ager |
| 100 | 1 | . | ‡aKrings, Annette ‡4aut |
| 245 | 1 | 4. | ‡aDie Macht der Bilder : ‡b[zur Bedeutung der historischen Fotografien des Holocaust in der politischen Bildungsarbeit] / ‡cAnnette Krings |
| 260 | . | ‡aBerlin : ‡bLit., ‡c2006 | |
| 300 | . | ‡aIV, 177 S. : ‡bIll. ; ‡c21 cm | |
| 490 | 0 | . | ‡aErinnern und Lernen : Texte zur Menschenrechtspädagogik ; ‡v1 |
| 500 | . | ‡aLiteraturverz. S. 146 - 165 | |
| 856 | 4 | 2. | ‡yInhaltsverzeichnis ‡uhttp://www.gbv.de/dms/bs/toc/505977095.pdf ‡mV:DE-601;B:DE-84 ‡qpdf/application ‡3Inhaltsverzeichnis |
| 856 | 4 | 2. | ‡uhttp://d-nb.info/977879542/04 ‡mV:DE-604 ‡qapplication/pdf ‡3Inhaltsverzeichnis |
| 910 | . | ‡aABE340 ‡b5190 | |
| 995 | . | ‡aska | |
| 901 | . | ‡a50404 ‡bAUTOGEN ‡c50404 ‡tbiblio | |